| 000 | 00517nam a2200181Ia 4500 | ||
|---|---|---|---|
| 001 | 4900 | ||
| 005 | 20260306145828.0 | ||
| 008 | 260306t2005||||xx |||||||||||||| ||spa|| | ||
| 041 | _aESP | ||
| 082 |
_a331.118 _bCH512 |
||
| 100 |
_aChacaltana, Juan _eAUT |
||
| 245 | 0 |
_aDimensiones de la productividad del trabajo en las empresas de América Latina: _bun estudio comparativo de Argentina, México, Panamá y Perú |
|
| 260 | _c2005 | ||
| 300 |
_a _c |
||
| 650 | _aGEN | ||
| 654 | _aCAN | ||
| 942 |
_cLIB _dJUS _fJUS _2ddc _n |
||
| 999 |
_c4900 _d4900 |
||